First Names That Are Verbs - Statistics

General Stats
  • This quiz has been taken 42 times
    12 since last reset
  • The average score is 15 of 24
Answer Stats
Answer Hint % Correct
Bill Clinton, Murray, Gates
100%
Bob Dylan, Marley, Saget
100%
Mark Twain, Zuckerberg, Wahlberg
100%
Will Smith, Ferrell, Poulter
100%
Jack Nicholson, Black, Lemmon
89%
Nick Nolte, Jonas, Lachey
89%
Drew Barrymore, Carey, Brees
78%
Pat Boone, Benatar, Nixon
78%
Rob Lowe, Reiner, Gronkowski
78%
Ace Frehley, Ventura, Young
67%
Chuck Norris, Berry, Yeager
67%
Pierce Brosnan, Gagnon, O'Leary
67%
Carol Burnett, Channing, Kane
56%
Grace Kelly, Jones, Slick
56%
Josh Brolin, Allen, Gibson
44%
Lance Armstrong, Bass, Ito
44%
Rose McGowan, Byrne, Kennedy
44%
Sue Grafton, Perkins, Bird
44%
Blanche of Castile, Sweet, Devereaux
33%
Hope Davis, Solo, Sandoval
33%
Chip Gaines, Taylor, Kelly
22%
Grant Hill, Morrison, Imahara
22%
Skip Marley, Spence, Bayless
22%
Wade Boggs, Robson, Barrett
22%
No matching quizzes found
Score Distribution
Percent of People with Each Score
Percentile by Number Answered
Your Score History
You have not taken this quiz since the last reset